The Estate outside the dwelling (Record no. 415045)

000 -LEADER
fixed length control field 00414cam a22001337a 4500
008 - FIXED-LENGTH DATA ELEMENTS--GENERAL INFORMATION
fixed length control field 180718b1972 xxu||||| |||| 00| 0 eng d
082 ## - DEWEY DECIMAL CLASSIFICATION NUMBER
Classification number XA 23 x42 Un3 25
245 ## - TITLE STATEMENT
Title The Estate outside the dwelling
Statement of responsibility, etc. By HMSO
260 ## - PUBLICATION, DISTRIBUTION, ETC.
Place of publication, distribution, etc. London
Name of publisher, distributor, etc. HMSO
Date of publication, distribution, etc. 1972
300 ## - PHYSICAL DESCRIPTION
Extent 128p.
500 ## - GENERAL NOTE
General note Design bulletion 25
650 ## - SUBJECT ADDED ENTRY--TOPICAL TERM
Topical term or geographic name entry element Public opinion -- Great Britain
650 ## - SUBJECT ADDED ENTRY--TOPICAL TERM
Topical term or geographic name entry element Architecture, Domestic -- Great Britain -- Public opinion
Holdings
Withdrawn status Lost status Damaged status Not for loan Permanent Location Current Location Date acquired Full call number Barcode Date last seen Price effective from Koha item type
        Indian Institute of Public Administration Indian Institute of Public Administration 2009-03-02 XA 23 x42 Un3 25 U220 2018-07-21 2018-07-21 U

Powered by Koha